|
|
|
|
| LEADER |
00000naa a2200000uu 4500 |
| 001 |
vtls011055823 |
| 003 |
SK-MaSNL |
| 005 |
20260302115603.0 |
| 008 |
210907|2000 xo |||||||||||||||||slo| |
| 015 |
|
|
|a SNBRA
|
| 035 |
|
|
|a (urnnbn)urn:nbn:sk:snk:ar-a0byir
|
| 035 |
|
|
|a (uuid)94468e9f-857b-4587-a94b-184458b5f8aa
|
| 035 |
|
|
|a urn:nbn:sk:snk-aav56c
|
| 040 |
|
|
|a SNKBUCL
|b slo
|c SNKBUCL
|e AACR2
|
| 041 |
0 |
|
|a slo
|
| 044 |
|
|
|a xo
|c SK
|
| 100 |
1 |
|
|a Ballonová, Henrieta
|4 aut
|9 799099
|
| 245 |
1 |
0 |
|a ANALÝZA VÝVOJA EKOLOGICKÉHO POĽNOHOSPODÁRSTVA NA SLOVENSKU
|c Henrieta BALLONOVÁ
|
| 246 |
3 |
|
|a THE ANALYSIS OF THE TRENDS IN ECOLOGICAL AGRICULTURE IN SLOVAKIA
|
| 773 |
0 |
|
|t Zborník vedeckých prác z riešenia výskumných projektov E 39, E 40, E 44, E 45, E 50 (1997-1999)
|d Nitra : Slovenská poľnohospodárska univerzita, 2000
|g S. 84-87
|z 8071377600
|
| 958 |
|
|
|a OND
|
| 958 |
|
|
|a article12
|
| 958 |
|
|
|a chapter
|
| 999 |
|
|
|c 1265430
|d 1267360
|